000 00632nam a2200181Ia 4500
008 100917s9999 xx 000 0 und d
082 _b17617
100 _aआपटे न. गं.
245 _aमहाराष्ट्रातील पाणी पुरवठा
260 _b---
_c1938
300 _a190
365 _b3
520 _aकृषिशास्त्र
630 _aमहाराष्ट्रातील पाणी पुरवठा
650 _aकृषिशास्त्र
730 _aमहाराष्ट्रातील पाणी पुरवठा
942 _cBOOK
999 _c623011
_d623008